Sports Quiz

Random Sports or Football Quiz

20+ Interception QBs Since 2000 Quiz Stats

 Plays Quiz Updated Apr 30, 2018

Challenge
Share
Tweet
Embed
Score 0/43 Timer 05:00
9 Plays Today
Team QB % Correct
GiantsEli Manning
98.4%
GiantsEli Manning
98.4%
GiantsEli Manning
98.3%
ColtsPeyton Manning
97.8%
PackersBrett Favre
95.2%
JetsBrett Favre
95.2%
PackersBrett Favre
95.2%
ChargersPhilip Rivers
88.3%
ChargersPhilip Rivers
88.3%
SaintsDrew Brees
87.9%
BearsJay Cutler
86.6%
BengalsAndy Dalton
83.3%
RavensJoe Flacco
83.2%
SteelersBen Roethlisberger
82.2%
LionsMatthew Stafford
81.7%
RamsKurt Warner
81.1%
BengalsCarson Palmer
80.9%
RaidersCarson Palmer
79.1%
BengalsCarson Palmer
79.1%
JetsMark Sanchez
72.4%
VikingsDaunte Culpepper
70.4%
JetsGeno Smith
68.1%
Team QB % Correct
BrownsDeShone Kizer
60.9%
BearsRex Grossman
60%
JetsVinny Testaverde
56.9%
CowboysVinny Testaverde
56.9%
BuccaneersBrad Johnson
56.7%
RamsMarc Bulger
56.6%
RedskinsRex Grossman
56.3%
ChiefsTrent Green
55%
CardinalsJake Plummer
53.7%
CardinalsJake Plummer
53.7%
BroncosJake Plummer
53.7%
LionsJon Kitna
52.5%
LionsJon Kitna
52.5%
BengalsJon Kitna
52.5%
BrownsTim Couch
50.5%
SaintsAaron Brooks
48.1%
BillsRyan Fitzpatrick
47.6%
BuccaneersJosh Freeman
45.7%
LionsJoey Harrington
40.4%
CowboysQuincy Carter
35.8%
RaidersKerry Collins
19.4%

You're not logged in!

Compare scores with friends on all Sporcle quizzes.
OR
Log In

You Might Also Like...

Show Comments

Extras

Top Quizzes Today


Score Distribution

Your Account Isn't Verified!

In order to create a playlist on Sporcle, you need to verify the email address you used during registration. Go to your Sporcle Settings to finish the process.

Report this User

Report this user for behavior that violates our Community Guidelines.

Details: